British Birds by Picture - Tits - Statistics

General Stats
  • This quiz has been taken 40 times
  • The average score is 7 of 9
Answer Stats
Picture Hint Answer % Correct
Cyanistes caeruleus Eurasian Blue Tit
100%
Parus major Great Tit
95%
Periparus ater Coal Tit
90%
Aegithalos caudatus (*) Long-Tailed Tit
90%
Lophophanes cristatus Crested Tit
70%
Poecile palustris Marsh Tit
65%
Panurus biarmicus (*) Bearded Tit
60%
Poecile montanus Willow Tit
55%
Remiz pendulinus (*) Eurasian Penduline Tit
35%
No matching quizzes found
Score Distribution
Percent of People with Each Score
Percentile by Number Answered
Your Score History
You have not taken this quiz